Human rights in Botswana, Lesotho, and Swaziland : (Record no. 1599)

MARC details
000 -LEADER
fixed length control field 01381cam a2200385 a 4500
001 - CONTROL NUMBER
control field data
005 - DATE AND TIME OF LATEST TRANSACTION
control field 20260322212108.0
008 - FIXED-LENGTH DATA ELEMENTS--GENERAL INFORMATION
fixed length control field data
035 ## - SYSTEM CONTROL NUMBER
System control number 1956654
010 ## - LIBRARY OF CONGRESS CONTROL NUMBER
LC control number 87162149
035 ## - SYSTEM CONTROL NUMBER
-- (DLC) 87162149
040 ## - CATALOGING SOURCE
Original cataloging agency DLC
Transcribing agency DLC
Modifying agency DLC
043 ## - GEOGRAPHIC AREA CODE
Geographic area code f-sq---
-- f-lo---
-- f-sq---
050 00 - LIBRARY OF CONGRESS CALL NUMBER
Classification number KQC572
Item number .N43 1986
082 00 - DEWEY DECIMAL CLASSIFICATION NUMBER
Classification number 341.4/81/096
Edition information 19
100 1# - MAIN ENTRY--PERSONAL NAME
Personal name Neff, Steven.
245 10 - TITLE STATEMENT
Title Human rights in Botswana, Lesotho, and Swaziland :
Remainder of title implications of adherence to international human rights treaties /
Statement of responsibility, etc. by Steven Neff.
260 ## - PUBLICATION, DISTRIBUTION, ETC.
Place of publication, distribution, etc. Roma, Lesotho :
Name of publisher, distributor, etc. Human Rights Project, Institute of Southern African Studies, National University of Lesotho,
Date of publication, distribution, etc. 1986.
300 ## - PHYSICAL DESCRIPTION
Extent iii, 97 p. ;
Dimensions 22 cm.
336 ## - CONTENT TYPE
Content type term text
Content type code txt
Source rdacontent
337 ## - MEDIA TYPE
Media type term unmediated
Media type code n
Source rdamedia
338 ## - CARRIER TYPE
Carrier type term volume
Carrier type code nc
Source rdacarrier
440 #0 - SERIES STATEMENT/ADDED ENTRY--TITLE
Title ISAS human and people's rights monograph ;
Volume/sequential designation no. 2
504 ## - BIBLIOGRAPHY, ETC. NOTE
Bibliography, etc. note Includes bibliographical references (p. 86-97).
650 #0 - SUBJECT ADDED ENTRY--TOPICAL TERM
Topical term or geographic name entry element Human rights
Geographic subdivision Botswana.
650 #0 - SUBJECT ADDED ENTRY--TOPICAL TERM
Topical term or geographic name entry element Human rights
Geographic subdivision Lesotho.
650 #0 - SUBJECT ADDED ENTRY--TOPICAL TERM
Topical term or geographic name entry element Human rights
Geographic subdivision Eswatini.
650 #0 - SUBJECT ADDED ENTRY--TOPICAL TERM
Topical term or geographic name entry element Human rights
Geographic subdivision Africa.
650 #0 - SUBJECT ADDED ENTRY--TOPICAL TERM
Topical term or geographic name entry element Human rights.
906 ## - LOCAL DATA ELEMENT F, LDF (RLIN)
a 7
b cbc
c orignew
d 2
e ncip
f 19
g y-gencatlg
955 ## - COPY-LEVEL INFORMATION (RLIN)
-- xg03 2009-08-07 to LL
922 ## -
-- ap
991 ## -
-- c-LL
-- LAW AFRICA 7 Neff 1986
-- Copy 1
-- BOOKS
Holdings
Withdrawn status Lost status Damaged status Not for loan Home library Current library Shelving location Date acquired Total checkouts Full call number Barcode Date last seen Price effective from Koha item type
        Liberty Liberty General stacks 22/03/2026   341.4/81/096 LOC-LPL-00062 22/03/2026 22/03/2026 Books